Multimedia Computing (Record no. 340418)

MARC details
000 -LEADER
fixed length control field 00481nam a2200169Ia 4500
008 - FIXED-LENGTH DATA ELEMENTS--GENERAL INFORMATION
fixed length control field 230718s9999 xx 000 0 und d
020 ## - INTERNATIONAL STANDARD BOOK NUMBER
International Standard Book Number 9780521764513
041 ## - LANGUAGE CODE
Language code of text/sound track or separate title eng
082 ## - DEWEY DECIMAL CLASSIFICATION NUMBER
Classification number 006.7
Item number FRI
100 ## - MAIN ENTRY--PERSONAL NAME
Personal name Friedland G.
9 (RLIN) 197972
245 ## - TITLE STATEMENT
Title Multimedia Computing
260 ## - PUBLICATION, DISTRIBUTION, ETC. (IMPRINT)
Date of publication, distribution, etc. 2014
Name of publisher, distributor, etc. Cambridge
300 ## - PHYSICAL DESCRIPTION
Extent 330
Accompanying material [OBSOLETE, CAN/MARC] Ref 1646 E ME (51625)
365 ## - TRADE PRICE
Currency code Rs.
Price amount 5033.00
700 ## - ADDED ENTRY--PERSONAL NAME
Personal name Friedland G. & Jain R.
9 (RLIN) 197973
906 ## - LOCAL DATA ELEMENT F, LDF (RLIN)
d O:0468822-Sep-2015B:201205-Aug-2015
c ME ETC
b 1258.25
Holdings
Withdrawn status Lost status Source of classification or shelving scheme Reference No Damaged status Not for loan Home library Current library Date acquired Vendor Budget Code Cost, normal purchase price Bill number Full call number Barcode Date last seen Discount Cost, replacement price Bill Date Koha item type Original Barcode
    Dewey Decimal Classification Ref 1646 E (51625)   Reference Cummins College of Engineering for Women Pune Cummins College of Engineering for Women Pune 22/09/2015 Vaibhav Book House ME ETC 3774.75 2012 006.7 CCEP-BK-51625 18/07/2023 1258.25 5033.00 05/08/2015 Books 051625